000 01127nam a2200313 c 4500
003 BLK
005 20180420215035.0
008 180413b bul|||||r ||||||| ||bul||
010 _aKNG00017043000
020 _a954-568-021-0
_bиздат.: Люрен
040 _aBLK
041 _aBUL
_cBUL
080 _aКапиталовложения. Образуване на капитала. Инвестиции
_b330.322
_x
_z330.322
100 1 _aОрешарски, Пламен Василев
_eпърви автор
_9104824
139 _aОрешарски, Пламен Василев
_bО 69
245 1 0 _aЦени и възвръщаемост на финансовите инвестиции
_cПламен Василев Орешарски.
257 _aBGR
260 София
_bЛюрен
_c1994
300 _a74 с.
_bс табл.
_c20 см
380 _a3
650 4 _aИнвестиции
_9157148
653 _aцени
653 _aинвестиции
852 _aЦб 185160
856 4 _qpdf
_u
856 4 _qpdf
_u
942 _cKNG
_n0
944 _aCR
_c15.01.2003
_kВаля_Йорданова
944 _aED
_c15.06.2010
_k
999 _c15274
_d15274